00791cam a2200217 a 450000100100000000500170001000800410002704000290006808200190009710000310011624500500014726000580019730000200025549000300027565000270030565000310033283000390036391000340040295201220043699900150055800000967020200929161650.0790108s1965 ag 000 0 spa  aDO-SdBNPcKUdOCoLCdDLC aA862.44bB533c1 aBerruti, Alejandro.92456410aCuidado con las bonitas /cAlejandro Berruti. aBuenos Aires :bDel Carro de Tespis ;bDintel,c1965. a45 p. ;c17 cm.1 aTeatro Breve Argentinov4 4aTeatro argentino94843 4aLiteratura argentina93860 0aTeatro Breve Argentino ;v4924565 aCatalogación por copia / LC 001052708MOaGRbGRcCTd2009-09-30iLF1l0oA862.44 B533cp9670-10r2020-06-25w2020-06-25y2ZPréstamo interno c9430d9430